Statistiques concernant Signification des sigles concernant l'informatique

Cliquez ici pour prendre le quiz!

Statistiques générales

  • Ce quiz a été pris 110 fois
  • Le résultat moyen est 8 sur 87

Statistiques - réponses

SigleSignification% Correct
IPInternet Protocol
86%
PCPersonal Computer
49%
RAMRandom Access Memory
48%
LANLocal Area Network
40%
HTMLHyperText Markup Language
39%
FTP(réseau)File Transfer Protocol
37%
VPNVirtual Private Network
36%
VLANVirtual LAN
29%
HTTPHyperText Transfert Protocol
28%
PDFPortable Document Format
25%
DNSDomain Name System
22%
SSHSecure Shell
22%
TTLTime To Live
22%
TCPTransmission Control Protocol
22%
CSSCascading Style Sheets
20%
SQLStructured Query Language
18%
BIOSBasic Input Output System
16%
ROMRead-Only Memory
16%
UDPUser Datagram Protocol
16%
CPUCentral Processing Unit
15%
WANWild Area Network
13%
DHCPDynamic Host Configuration Protocol
11%
NATNetwork Address Translation
10%
SMTPSimple Mail Transfer Protocol
10%
XMLExtensible Markup Language
8%
ISPInternet Service Provider
8%
SSLSecure Sockets Layer
7%
BGPBorder Gateway Protocol
6%
PHPPersonal Home Page
5%
PPPPoint to Point Protocol
5%
ARPAddress Resolution Protocol
3%
ASCIIAmerican Standard Code for Information Interchange
3%
DDRDouble Data Rate
3%
FTP(cable)Foiled Twisted Pair
3%
GIFGraphics Interchange Format
3%
JPEGJoint Photographic Experts Group
3%
MACMedia Access Control
3%
STPSpanning Tree Protocol
3%
SDRAMSynchronous Dynamic RAM
3%
TFTPTrivial File Transfer Protocol
3%
ADSLAsymmetric Digital Subscriber Line
2%
BIABurned In Address
2%
CSMA/CDCarrier Sense Multiple Access with Collision Detection
2%
IEEEInstitute of Electrical and Electronics Engineers
2%
IAPInternet Access Provider
2%
LEDLight Emitting Diodes
2%
OSIOpen System Interconnection
2%
PINGPacket Internet Groper
2%
POPPost Office Protocol
2%
PDUProtocol Data Unit
2%
URLUniversal Ressource Locator
2%
VGAVideo Graphics Array
2%
CGAColor Graphics Adapter
1%
CAMContent Addressable Memory
1%
DDPDatagram Delivery Protocol
1%
ICMPInternet Control Message Protocol
1%
IMAPInternet Message Access Protocol
1%
IPCPInternet Protocol Control Protocol
1%
IPXInternetwork Packet Exchange
1%
LMTPLocal Mail Transfer Protocol
1%
NICNetwork Interface Cable
1%
RAIDRedundant Array of Independent Disks
1%
RFCRequests For Comments
1%
SNAPSubNetwork Access Protocol
1%
SMILSynchronized Multimedia Integration Language
1%
SNASystem Network Architecture
1%
UUCPUnix to Unix Copy Protocol
1%
UTPUnshield Twisted Pair
1%
ASAutonaumous System
0%
CIDRClassless Inter-Domain Routing
0%
CLNSConnectionLess Network Services
0%
DSAPDestination Service Access Point
0%
DS FieldDifferentiated Services Field
0%
EGAEnhanced Graphics Adapter
0%
FCSFrame Check Sequence
0%
IANAInternet Assigned Numbers Authority
0%
ICANNInternet Corporation for Assigned Network Numbers
0%
IOSInternetworking Operating System
0%
IHLIP Header Length
0%
JEDECJoint Electron Device Engineering Council
0%
LLCLogical Link Control
0%
MIMEMultipurpose Internet Mail Extensions
0%
RIPRouting Information Protocol
0%
SSAPSource Service Access Point
0%
SFDStart Frame Delimiter
0%
UAAUniversally Administred Addresses
0%
WECAWireless Ethernet Compatibility Allianc
0%

Distribution des résultats

Percentile par nombre de réponses

% des personnes avec chaque résultat

Votre développement - résultats

Vous n’avez pas pris ce quiz